3 Most Streamed Kendrick Lamar Songs Per Album - Statistics

General Stats
  • This quiz has been taken 46 times
  • The average score is 17 of 21
Answer Stats
Hint Answer % Correct
DAMN. (1.27B Streams) DNA.
100%
DAMN. (2.81B Streams) HUMBLE.
100%
good kid, m.A.A.d city (1.74B Streams) Money Trees
100%
Black Panther: The Album (2.01B Streams) All The Stars
97%
To Pimp A Butterfly (882M Streams) Alright
97%
DAMN. (1.52B Streams) LOVE.
97%
GNX (554M Streams) tv off
95%
To Pimp A Butterfly (658M Streams) King Kunta
92%
GNX (912M Streams) luther
92%
good kid, m.A.A.d city (1.36B Streams) Swimming Pools (Drank)
89%
Section.80 (450M Streams) A.D.H.D.
84%
good kid, m.A.A.d city (955M Streams) Bitch, Don't Kill My Vibe
84%
Mr. Morale & The Big Steppers (507M Streams) N95
84%
GNX (367M Streams) squabble up
82%
Section.80 (149M Streams) HiiiPoWeR
76%
To Pimp A Butterfly (341M Streams) i
74%
Section.80 (138M Streams) Rigamortus
68%
Mr. Morale & The Big Steppers (373M Streams) Die Hard
66%
Black Panther: The Album (1.02B Streams) Pray For Me
61%
Black Panther: The Album (633M Streams) King's Dead
55%
Mr. Morale & The Big Steppers (318M Streams) Rich Spirit
45%
No matching quizzes found
Score Distribution
Percent of People with Each Score
Percentile by Number Answered
Your Score History
You have not taken this quiz